00980nam a22002657a 45000010005000000030006000050050017000110080041000280200018000690400029000870500017001160820011001331000020001442450037001642500041002012600034002423000056002765050007003325200249003395210018005885210018006066500026006246500027006507000037006776616FISKH20250825132626.0250513b cb ||||| |||| 00| 0 eng d a9780545569170 aFISKHbengcFISKHdFISKH a PZ7.V4878 G a 813.6 aVelasquez, Eric aGrandma's gift /cEric Velasquez aThis edition first published in 2010 aNew York :bScholastic,c2010 a20 unnumbered pages :bcolor illustrations ;c23 cm aL  aThe author describes Christmas at his grandmother's apartment in Spanish Harlem the year she introduced him to the Metropolitan Museum of Art and Diego Velazquez's portrait of Juan de Pareja, which has had a profound and lasting effect on him. 8 a510 bLexile 8 aL bRaz-Plus  2MulticulturalaMuseum 2HispanicaPuerto Rican aGastongguay, Nicoledillustrator